| 000 | 00444nam a22001697a 4500 | ||
|---|---|---|---|
| 008 | 140521b xxu||||| |||| 00| 0 alb d | ||
| 020 | _a. | ||
| 041 | 0 | _aalb | |
| 080 | _a654.17 | ||
| 100 | _aBeqaj, Belul | ||
| 245 | 1 | 0 |
_aÇfarë ishte roli i RTK-së në trazirat e masrsit 2004 ? _cBelul Beqaj, |
| 300 |
_a134 f.: _c25 cm. |
||
| 500 | _aParathënie: f. 5-6 | ||
| 650 | 0 | _2Transmetimi i emisioneve | |
| 650 | 0 | _2Televizioni | |
| 942 |
_2udc _cBK |
||
| 999 |
_c455 _d455 |
||